000 02102cab a2200541 4500
001 ABS59065
008 090401t1998 xxu||||| |||| 00| 0 eng d
035 _a(Sirsi) u87366
041 _aeng
245 _aLandlord and tenant update - part II
260 _c1998
350 _a0
490 _aJournal of Property Valuation and Investment
_v16(3) 1998, 324-339(16)
520 _aExamines the decisions of the principal cases relating to business, residential and agricultural tenancies and, the PACT scheme for business tenancies. See ABS 57005 for part I.
650 _aAGRICULTURAL HOLDINGS ACT 1986
650 _aPROPERTY-LANDLORD AND TENANT-TENANCIES-AGRICULTURAL TENANCIES
650 _aASSURED SHORTHOLD TENANCIES
650 _aBUSINESS TENANCIES
650 _aCHURCH COMMISSIONERS FOR ENGLAND V BAINES
650 _aCURTIS AND OTHERS V LONDON RENT ASSESSMENT COMMITTEE AND OTHERS
650 _aEVICTION ACT 1977
650 _aFAIR RENTS
650 _aFITZPATRICK V STERLING HOUSING ASSOCIATION LTD
650 _aFREE GRAMMAR SCHOOL OF JOHN LYON V MAYHEW
650 _aJONES V OWEN
650 _aKAY-GREEN V TWINSECTRA LTD
650 _aLANDLORD AND TENANT ACT 1954 PART I
650 _aLANDLORD AND TENANT ACT 1987 PART 1
650 _aMICHAELS V HARLEY HOUSE (MARYLEBONE) LTD
650 _aMUNDY V HOOK
650 _aNATIONAL TRUST V KNIPE
650 _aNORTHERN ELECTRIC PLC V ADDISON
650 _aPACT
650 _aPURCHASE NOTICES
650 _aR V LONDON RENT ASSESSMENT PANEL EX P CADOGAN
650 _aRENT ACT 1977 S137
650 _aRENT ACT 1977 S70
650 _aRESIDENTIAL SUB-TENANCIES
650 _aPROPERTY-RESIDENTIAL PROPERTY-RESIDENTIAL LANDLORD AND TENANT-RESIDENTIAL TENANCIES
650 _aSECTION 25 NOTICES
650 _aSPATH HOLME LTD V GREATER MANCHESTER AND LANCASHIRE RENT ASSESSMENT COMMITTEE
650 _aSTASZEWSKI V MARIBELLA LTD
650 _aWALLACE V C BRIAN BARRATT & SON LTD
650 _aWOODRIDGE LTD V DOWNIE
690 _aLandlord and tenant
_96252
942 _n0
948 _c13/07/1998
999 _c55099
_d55099